50 ugliest cars Quiz Stats

Quiz not verified by Sporcle

Challenge
Share
Tweet
Embed
Score 0/50 Timer 15:00
0 Plays Today
make model % Correct
PontiacAztek
40.5%
AMCGremlin
35.1%
TataNano
35.1%
AMCPacer
33.8%
ToyotaPrius
29.7%
FiatMultipla
27%
FordPinto
25.7%
DeLoreanDMC-12
25.7%
ChryslerPT Cruiser
24.3%
JeepCompass
24.3%
BondBug
20.3%
BricklinSV1
20.3%
FordTaurus
20.3%
CadillacEscalade
20.3%
ChevroletSSR
20.3%
ChevroletEl Camino
18.9%
RenaultTwingo
18.9%
ToyotaRAV4
18.9%
ZastavaYugo
17.6%
NissanCube
17.6%
FerrariEnzo
17.6%
SubaruBaja
17.6%
SsangYongRodius
17.6%
ŠkodaRoomster
17.6%
LamborghiniLM002
16.2%
make model % Correct
HondaElement
16.2%
CitroënAmi
14.9%
LightburnZeta
14.9%
Aston MartinLagonda
14.9%
SubaruBrat
14.9%
MercurySable
14.9%
PlymouthProwler
14.9%
SuzukiX-90
13.5%
VolkswagenNew Beetle
13.5%
VolkswagenThing
12.2%
Sebring-VanguardCitiCar
10.8%
Volvo240
10.8%
ChevroletChevette
10.8%
MatraRancho
10.8%
Wartburg353
9.5%
Fordmustang II
9.5%
CadillacCimarron
9.5%
CitroënBX
9.5%
BMW7 series
9.5%
ToyotaVan
8.1%
NissanS Cargo
8.1%
CorbinSparrow
8.1%
General MotorsHummer H2
5.4%
ToyotaScion IQ
5.4%
ChevroletAvalanche
4.1%

You're not logged in!

Compare scores with friends on all Sporcle quizzes.
Sign Up with Email
OR
Log In

You Might Also Like...

Show Comments

Extras

Top Quizzes Today


Score Distribution

Your Account Isn't Verified!

In order to create a playlist on Sporcle, you need to verify the email address you used during registration. Go to your Sporcle Settings to finish the process.